书目信息 |
| 题名: |
工程CAD基础及应用
|
|
| 作者: | 杨松林 , 王桂香 主编 | |
| 分册: | ||
| 出版信息: | 北京 北京航空航天大学出版社 2008.11 |
|
| 页数: | 301页 | |
| 开本: | 26cm | |
| 丛书名: | ||
| 单 册: | ||
| 中图分类: | TB237 | |
| 科图分类: | ||
| 主题词: | 工程制图--gong cheng zhi tu--制图程序--高等学校--教材 | |
| 电子资源: | ||
| ISBN: | 978-7-81124-345-1 | |
| 000 | 01132nam0 2200265 450 | |
| 001 | 012009394203 | |
| 005 | 20090808113058.43 | |
| 010 | @a978-7-81124-345-1@dCNY32.00 | |
| 100 | @a20090808d2008 em y0chiy0120 ea | |
| 101 | 0 | @achi |
| 102 | @aCN@b110000 | |
| 105 | @aak a 000yy | |
| 106 | @ar | |
| 200 | 1 | @a工程CAD基础及应用@Agong cheng CAD ji chu ji ying yong@f杨松林, 王桂香主编@Fyang song lin,wang gui xiang zhu bian |
| 210 | @a北京@c北京航空航天大学出版社@d2008.11 | |
| 215 | @a301页@c图@d26cm | |
| 300 | @a“十一五”高等院校规划教材 | |
| 320 | @a有书目 | |
| 330 | @a本书分为上、下两篇,即基础篇和应用篇。主要包括以下内容:工程CAD技术基础;工程CAD制图有关国家标准简介;二维参数化编程绘图;CAD工程训练;常用机械工程CAD图形绘制方法及实例;化学工程CAD图形绘制方法及实例;环境工程CAD图形绘制方法及实例;建筑工程CAD图形绘制方法及实例;自动控制CAD工程图形绘制方法及实例等。 | |
| 606 | 0 | @a工程制图@Agong cheng zhi tu@x制图程序@x高等学校@j教材 |
| 690 | @aTB237@v4 | |
| 701 | 0 | @a杨松林@Ayang song lin@4主编 |
| 701 | 0 | @a王桂香@Awang gui xiang@4主编 |
| 801 | 0 | @aCN@bQSSK@c20090808 |
| 905 | @b750637-39@dTB237@eY273@f3 | |
| 工程CAD基础及应用/杨松林, 王桂香主编.-北京:北京航空航天大学出版社,2008.11 |
| 301页:图;26cm |
| “十一五”高等院校规划教材 |
| ISBN 978-7-81124-345-1:CNY32.00 |
| 本书分为上、下两篇,即基础篇和应用篇。主要包括以下内容:工程CAD技术基础;工程CAD制图有关国家标准简介;二维参数化编程绘图;CAD工程训练;常用机械工程CAD图形绘制方法及实例;化学工程CAD图形绘制方法及实例;环境工程CAD图形绘制方法及实例;建筑工程CAD图形绘制方法及实例;自动控制CAD工程图形绘制方法及实例等。 |
| ● |
| 相关链接 |
|
|
|
正题名:工程CAD基础及应用
索取号:TB237/Y273
 
预约/预借
| 序号 | 登录号 | 条形码 | 馆藏地/架位号 | 状态 | 备注 |
| 1 | 750637 | 207506377 | 自科库501/501自科库 7排4列5层/ [索取号:TB237/Y273] | 在馆 | |
| 2 | 750638 | 207506386 | 自科库501/501自科库 7排4列5层/ [索取号:TB237/Y273] | 在馆 | |
| 3 | 750639 | 207506395 | 自科库501/400A自科库 29排3列2层/ [索取号:TB237/Y273] | 在馆 |